[Event "DEM U14 2018"]
[Site "Willingen GER"]
[Date "2018.05.23"]
[Round "6"]
[White "Sulayev, Daniel"]
[Black "Dobrikov, Marco"]
[Result "0-1"]
[Termination "normal"]
[Board "5"]
[WhiteElo "2054"]
[BlackElo "2151"]
[WhiteClock "00:23:43"]
[BlackClock "00:33:52"]
[PlyCount "52"]
[WhiteFideId "12977675"]
[BlackFideId "12950378"]
[EventCountry "GER"]
[EventRounds "9"]
[EventType "swiss"]
[EventDate "2018.05.19"]

1. Nf3 {[%clk 1:30:07]} 1... c5 {[%clk 1:30:27]} 2. c4 {[%clk 1:30:07]} 2...
Nc6 {[%clk 1:29:58]} 3. g3 {[%clk 1:30:26]} 3... e5 {[%clk 1:27:10]} 4. e4 {
[%clk 1:27:34]} 4... d6 {[%clk 1:26:24]} 5. Nc3 {[%clk 1:27:14]} 5... g6 {
[%clk 1:24:52]} 6. d3 {[%clk 1:26:25]} 6... Bg7 {[%clk 1:25:06]} 7. Bg2 { [%clk
1:26:36]} 7... Nge7 {[%clk 1:23:30]} 8. O-O {[%clk 1:25:14]} 8... O-O { [%clk
1:23:36]} 9. Ne1 {[%clk 1:23:36]} 9... Be6 {[%clk 1:20:59]} 10. Nd5 { [%clk
1:22:25]} 10... f5 {[%clk 1:17:02]} 11. f4 {[%clk 1:21:41]} 11... fxe4 { [%clk
1:13:59]} 12. dxe4 {[%clk 1:21:46]} 12... exf4 {[%clk 1:12:42]} 13. gxf4 Nd4
14. Be3 {[%clk 1:15:33]} 14... b5 {[%clk 1:02:24]} 15. cxb5 {[%clk 1:03:53] }
15... Nxd5 {[%clk 0:57:44]} 16. exd5 {[%clk 1:02:13]} 16... Bf5 { [%clk
0:58:02]} 17. a4 {[%clk 0:59:41]} 17... Re8 {[%clk 0:55:48]} 18. Ra3 { [%clk
0:59:38]} 18... a6 {[%clk 0:53:51]} 19. bxa6 {[%clk 0:58:39]} 19... Rxa6 {[%clk
0:50:17]} 20. Rf2 {[%clk 0:53:33]} 20... Qb8 {[%clk 0:46:08]} 21. Nf3 { [%clk
0:32:04]} 21... Nxf3+ {[%clk 0:39:10]} 22. Bxf3 {[%clk 0:31:54]} 22... Rb6
{[%clk 0:36:54]} 23. Re2 {[%clk 0:24:07]} 23... Bxb2 {[%clk 0:36:14]} 24. Ra2
{[%clk 0:24:05]} 24... Rxe3 {[%clk 0:33:29]} 25. Rxe3 {[%clk 0:24:22]} 25...
Bd4 {[%clk 0:33:56]} 26. Kf2 {[%clk 0:23:43]} 26... Rb1 {[%clk 0:33:52]} 0-1

[Event "DEM U14 2018"]
[Site "Willingen GER"]
[Date "2018.05.23"]
[Round "6"]
[White "Yi, Danny"]
[Black "Kölle, Tobias"]
[Result "1/2-1/2"]
[Termination "normal"]
[Board "6"]
[WhiteElo "2074"]
[BlackElo "2226"]
[WhiteClock "00:52:37"]
[BlackClock "00:40:09"]
[PlyCount "44"]
[WhiteFideId "12988588"]
[BlackFideId "16207378"]
[EventCountry "GER"]
[EventRounds "9"]
[EventType "swiss"]
[EventDate "2018.05.19"]

1. g3 {[%clk 1:30:56]} 1... d5 {[%clk 1:29:57]} 2. Bg2 {[%clk 1:31:13]} 2...
Nf6 {[%clk 1:30:02]} 3. Nf3 {[%clk 1:30:01]} 3... e6 {[%clk 1:27:36]} 4. d3 {
[%clk 1:27:59]} 4... c5 {[%clk 1:27:08]} 5. O-O {[%clk 1:27:01]} 5... Be7 {
[%clk 1:27:24]} 6. Nbd2 {[%clk 1:25:28]} 6... O-O {[%clk 1:27:26]} 7. e4 {
[%clk 1:25:02]} 7... Nc6 {[%clk 1:27:17]} 8. c3 {[%clk 1:20:29]} 8... b6 {
[%clk 1:26:19]} 9. Re1 {[%clk 1:18:18]} 9... dxe4 {[%clk 1:21:59]} 10. Nxe4 {
[%clk 1:17:08]} 10... Bb7 {[%clk 1:20:12]} 11. Qc2 {[%clk 1:16:28]} 11... Qd7 {
[%clk 1:16:47]} 12. Be3 {[%clk 1:13:25]} 12... Rad8 {[%clk 1:14:54]} 13. Rad1 {
[%clk 1:12:09]} 13... Nd5 {[%clk 1:13:51]} 14. Bc1 {[%clk 1:09:58]} 14... Qc8 {
[%clk 1:08:21]} 15. a3 {[%clk 1:03:31]} 15... Ba6 {[%clk 1:03:20]} 16. d4 {
[%clk 1:00:39]} 16... cxd4 {[%clk 0:59:16]} 17. Nxd4 {[%clk 1:00:16]} 17...
Nxd4 {[%clk 0:58:25]} 18. Rxd4 {[%clk 0:59:58]} 18... Nf6 {[%clk 0:54:16]} 19.
Red1 {[%clk 0:58:07]} 19... Nxe4 {[%clk 0:42:08]} 20. Bxe4 {[%clk 0:56:58]}
20... f5 {[%clk 0:41:42]} 21. Bg2 {[%clk 0:54:54]} 21... Bf6 {[%clk 0:39:51]}
22. Rxd8 {[%clk 0:52:37]} 22... Rxd8 {[%clk 0:40:09]} 1/2-1/2

[Event "DEM U14 2018"]
[Site "Willingen GER"]
[Date "2018.05.23"]
[Round "6"]
[White "Colbow, Collin"]
[Black "Hoffmann, Simon"]
[Result "1-0"]
[Termination "normal"]
[Board "7"]
[WhiteElo "2148"]
[BlackElo "1760"]
[WhiteClock "00:28:24"]
[BlackClock "00:19:13"]
[PlyCount "109"]
[WhiteFideId "16201132"]
[BlackFideId "12979686"]
[EventCountry "GER"]
[EventRounds "9"]
[EventType "swiss"]
[EventDate "2018.05.19"]

1. e4 {[%clk 1:30:57]} 1... e5 {[%clk 1:30:42]} 2. Nf3 {[%clk 1:31:23]} 2...
Nc6 {[%clk 1:30:54]} 3. Bc4 {[%clk 1:31:49]} 3... Bc5 {[%clk 1:30:48]} 4. O-O {
[%clk 1:31:58]} 4... Nf6 {[%clk 1:30:54]} 5. d3 {[%clk 1:32:18]} 5... a6 {
[%clk 1:30:54]} 6. Nbd2 {[%clk 1:32:34]} 6... Ba7 {[%clk 1:31:05]} 7. c3 {
[%clk 1:31:57]} 7... d6 {[%clk 1:31:16]} 8. Bb3 {[%clk 1:31:58]} 8... O-O {
[%clk 1:31:11]} 9. h3 {[%clk 1:32:11]} 9... Nd7 {[%clk 1:31:04]} 10. Nc4 {
[%clk 1:24:45]} 10... Nc5 {[%clk 1:28:54]} 11. Bc2 {[%clk 1:24:51]} 11... Ne6 {
[%clk 1:29:00]} 12. Ne3 {[%clk 1:15:59]} 12... Nf4 {[%clk 1:23:20]} 13. Re1 {
[%clk 1:13:03]} 13... Qf6 {[%clk 1:21:11]} 14. Nd5 {[%clk 1:11:04]} 14... Qg6 {
[%clk 1:12:56]} 15. Bxf4 {[%clk 1:03:27]} 15... exf4 {[%clk 1:10:02]} 16. Qd2 {
[%clk 1:00:32]} 16... f5 {[%clk 0:50:43]} 17. Nxf4 {[%clk 0:57:16]} 17... Qh6 {
[%clk 0:39:20]} 18. Nd5 {[%clk 0:54:28]} 18... f4 {[%clk 0:37:15]} 19. d4 {
[%clk 0:40:14]} 19... Bxh3 {[%clk 0:32:15]} 20. gxh3 {[%clk 0:35:08]} 20...
Qxh3 {[%clk 0:32:31]} 21. Qd3 {[%clk 0:34:11]} 21... Ne5 {[%clk 0:28:39]} 22.
Nxe5 {[%clk 0:26:52]} 22... f3 {[%clk 0:27:20]} 23. Qf1 {[%clk 0:25:57]} 23...
Qh4 {[%clk 0:23:19]} 24. Nxf3 {[%clk 0:22:52]} 24... Rxf3 {[%clk 0:20:19]} 25.
Re3 {[%clk 0:20:11]} 25... Raf8 {[%clk 0:16:58]} 26. Rxf3 {[%clk 0:20:17]}
26... Rxf3 {[%clk 0:17:19]} 27. Qg2 {[%clk 0:20:24]} 27... Rf7 {[%clk 0:14:01]}
28. Kf1 {[%clk 0:19:37]} 28... c6 {[%clk 0:12:39]} 29. Ne3 {[%clk 0:20:00]}
29... c5 {[%clk 0:11:07]} 30. Bb3 {[%clk 0:20:06]} 30... cxd4 {[%clk 0:11:18]}
31. Bxf7+ {[%clk 0:20:16]} 31... Kxf7 {[%clk 0:11:39]} 32. Qxg7+ { [%clk
0:20:13]} 32... Kxg7 {[%clk 0:11:33]} 33. Nf5+ {[%clk 0:20:39]} 33... Kf6
{[%clk 0:11:49]} 34. Nxh4 {[%clk 0:21:04]} 34... dxc3 {[%clk 0:12:08]} 35. bxc3
{[%clk 0:21:29]} 35... Kg5 {[%clk 0:12:23]} 36. Ng2 {[%clk 0:21:50]} 36... h5 {
[%clk 0:12:48]} 37. Ke2 {[%clk 0:22:13]} 37... h4 {[%clk 0:13:13]} 38. Rh1 {
[%clk 0:22:37]} 38... b5 {[%clk 0:13:28]} 39. Rxh4 {[%clk 0:22:21]} 39... a5 {
[%clk 0:13:53]} 40. Rh7 {[%clk 0:22:44]} 40... Bc5 {[%clk 0:14:13]} 41. Rb7 {
[%clk 0:23:06]} 41... b4 {[%clk 0:14:36]} 42. cxb4 {[%clk 0:23:31]} 42... axb4
{[%clk 0:15:02]} 43. Ne1 {[%clk 0:23:52]} 43... Kf4 {[%clk 0:15:18]} 44. f3 {
[%clk 0:24:05]} 44... Ke5 {[%clk 0:15:41]} 45. Nd3+ {[%clk 0:24:32]} 45... Kd4
{[%clk 0:16:05]} 46. Nxc5 {[%clk 0:24:58]} 46... dxc5 {[%clk 0:16:29]} 47. Rd7+
{[%clk 0:25:18]} 47... Kc3 {[%clk 0:16:51]} 48. e5 {[%clk 0:25:42]} 48... c4 {
[%clk 0:17:03]} 49. e6 {[%clk 0:26:08]} 49... b3 {[%clk 0:17:21]} 50. axb3 {
[%clk 0:26:34]} 50... cxb3 {[%clk 0:17:47]} 51. e7 {[%clk 0:26:57]} 51... b2 {
[%clk 0:18:07]} 52. e8=Q {[%clk 0:27:16]} 52... b1=Q {[%clk 0:18:29]} 53. Qc8+
{[%clk 0:27:37]} 53... Kb4 {[%clk 0:18:54]} 54. Rb7+ {[%clk 0:28:01]} 54... Ka5
{[%clk 0:19:13]} 55. Qa8# {[%clk 0:28:24]} 1-0

[Event "DEM U14 2018"]
[Site "Willingen GER"]
[Date "2018.05.23"]
[Round "6"]
[White "Weihrauch, Jakob"]
[Black "Wu, Luka"]
[Result "1/2-1/2"]
[Termination "normal"]
[Board "8"]
[WhiteElo "2136"]
[BlackElo "1953"]
[WhiteClock "00:07:18"]
[BlackClock "00:21:41"]
[PlyCount "72"]
[WhiteFideId "16210115"]
[BlackFideId "12977420"]
[EventCountry "GER"]
[EventRounds "9"]
[EventType "swiss"]
[EventDate "2018.05.19"]

1. e4 {[%clk 1:30:56]} 1... c5 {[%clk 1:30:57]} 2. Nf3 {[%clk 1:31:21]} 2... d6
{[%clk 1:31:24]} 3. d4 {[%clk 1:31:47]} 3... cxd4 {[%clk 1:31:51]} 4. Nxd4 {
[%clk 1:32:12]} 4... Nf6 {[%clk 1:32:18]} 5. Nc3 {[%clk 1:32:37]} 5... a6 {
[%clk 1:32:45]} 6. g3 {[%clk 1:32:58]} 6... e5 {[%clk 1:32:56]} 7. Nde2 { [%clk
1:33:20]} 7... Be7 {[%clk 1:32:29]} 8. Bg2 {[%clk 1:33:02]} 8... b5 { [%clk
1:32:08]} 9. Nd5 {[%clk 1:32:44]} 9... Nxd5 {[%clk 1:31:53]} 10. Qxd5 { [%clk
1:32:47]} 10... Ra7 {[%clk 1:32:19]} 11. Be3 {[%clk 1:32:07]} 11... Rb7 { [%clk
1:31:56]} 12. O-O {[%clk 1:30:58]} 12... Qc7 {[%clk 1:32:08]} 13. Rfd1 { [%clk
1:20:10]} 13... Be6 {[%clk 1:32:13]} 14. Qd2 {[%clk 1:19:50]} 14... O-O { [%clk
1:31:28]} 15. Nc3 {[%clk 1:17:40]} 15... Rc8 {[%clk 1:30:24]} 16. Rac1 { [%clk
1:13:30]} 16... Nd7 {[%clk 1:26:12]} 17. Nd5 {[%clk 1:04:32]} 17... Bxd5 {[%clk
1:26:24]} 18. Qxd5 {[%clk 1:04:54]} 18... Nb6 {[%clk 1:26:33]} 19. Bxb6 {[%clk
1:01:57]} 19... Rxb6 {[%clk 1:26:56]} 20. Bh3 {[%clk 1:00:15]} 20... Rcb8
{[%clk 1:21:10]} 21. Rd3 {[%clk 0:53:15]} 21... Rc6 {[%clk 1:17:07]} 22. Rf3
{[%clk 0:47:09]} 22... Bf6 {[%clk 1:16:44]} 23. Qd2 {[%clk 0:43:23]} 23... Qd8
{[%clk 1:08:25]} 24. Rd1 {[%clk 0:40:05]} 24... Rbb6 {[%clk 1:04:58]} 25. Bg4
{[%clk 0:33:40]} 25... Kf8 {[%clk 0:53:28]} 26. h4 {[%clk 0:29:53]} 26... Rc4
{[%clk 0:51:23]} 27. Rc3 {[%clk 0:24:27]} 27... Qc7 {[%clk 0:46:20]} 28. Rxc4
{[%clk 0:23:15]} 28... Qxc4 {[%clk 0:40:33]} 29. Qd5 {[%clk 0:22:38]} 29...
Qxd5 {[%clk 0:28:58]} 30. Rxd5 {[%clk 0:23:00]} 30... Bd8 {[%clk 0:29:09] } 31.
Kf1 {[%clk 0:20:32]} 31... b4 {[%clk 0:28:05]} 32. Be2 {[%clk 0:13:56]} 32...
Rc6 {[%clk 0:28:11]} 33. Bd3 {[%clk 0:13:24]} 33... Ke7 {[%clk 0:28:11]} 34.
Ke2 {[%clk 0:13:24]} 34... Ke6 {[%clk 0:26:31]} 35. f3 {[%clk 0:09:16]} 35...
h6 {[%clk 0:25:51]} 36. b3 {[%clk 0:07:18]} 36... Bc7 {[%clk 0:21:41]} 1/2-1/2

[Event "DEM U14 2018"]
[Site "Willingen GER"]
[Date "2018.05.23"]
[Round "6"]
[White "Dahl, Christoph"]
[Black "Pahl, Theis"]
[Result "0-1"]
[Termination "normal"]
[Board "9"]
[WhiteElo "1965"]
[BlackElo "1987"]
[WhiteClock "00:20:28"]
[BlackClock "00:34:17"]
[PlyCount "124"]
[WhiteFideId "16240235"]
[BlackFideId "16201264"]
[EventCountry "GER"]
[EventRounds "9"]
[EventType "swiss"]
[EventDate "2018.05.19"]

1. e4 {[%clk 1:30:44]} 1... c5 {[%clk 1:30:54]} 2. Nf3 {[%clk 1:30:55]} 2... d6
{[%clk 1:31:13]} 3. d4 {[%clk 1:31:03]} 3... cxd4 {[%clk 1:31:29]} 4. Nxd4 {
[%clk 1:31:08]} 4... Nf6 {[%clk 1:31:53]} 5. Nc3 {[%clk 1:31:14]} 5... a6 {
[%clk 1:32:18]} 6. Bg5 {[%clk 1:31:18]} 6... e6 {[%clk 1:32:36]} 7. f4 { [%clk
1:31:20]} 7... h6 {[%clk 1:32:59]} 8. Bh4 {[%clk 1:31:25]} 8... Qb6 { [%clk
1:33:18]} 9. a3 {[%clk 1:31:33]} 9... Be7 {[%clk 1:33:36]} 10. Bf2 { [%clk
1:31:35]} 10... Qc7 {[%clk 1:33:56]} 11. Qf3 {[%clk 1:31:35]} 11... Nbd7 {[%clk
1:34:13]} 12. O-O-O {[%clk 1:31:27]} 12... b5 {[%clk 1:34:33]} 13. g4 { [%clk
1:31:13]} 13... Bb7 {[%clk 1:34:34]} 14. h4 {[%clk 1:30:44]} 14... Nc5 { [%clk
1:34:48]} 15. Bd3 {[%clk 1:30:38]} 15... d5 {[%clk 1:35:02]} 16. e5 { [%clk
1:30:14]} 16... Nfe4 {[%clk 1:35:15]} 17. Bxe4 {[%clk 1:28:01]} 17... Nxe4
{[%clk 1:35:34]} 18. Nxe4 {[%clk 1:27:43]} 18... dxe4 {[%clk 1:36:30]} 19. Qe3
{[%clk 1:28:35]} 19... Bd5 {[%clk 1:36:09]} 20. f5 {[%clk 1:21:45]} 20... Bc5
{[%clk 1:25:39]} 21. Kb1 {[%clk 1:18:38]} 21... Rc8 {[%clk 1:23:03]} 22. fxe6
{[%clk 1:14:40]} 22... fxe6 {[%clk 1:15:24]} 23. c3 {[%clk 1:12:02]} 23... Rf8
{[%clk 1:11:52]} 24. Bg3 {[%clk 1:00:52]} 24... Rf3 {[%clk 1:07:47]} 25. Qe1
{[%clk 1:00:07]} 25... Rd3 {[%clk 1:02:03]} 26. Nc2 {[%clk 0:59:17]} 26... Bc4
{[%clk 0:58:57]} 27. Bf4 {[%clk 0:19:02]} 27... Rxd1+ {[%clk 0:56:49]} 28. Qxd1
{[%clk 0:19:28]} 28... Bd3 {[%clk 0:54:42]} 29. g5 {[%clk 0:16:18]} 29... Qf7
{[%clk 0:53:03]} 30. Qc1 {[%clk 0:15:10]} 30... h5 {[%clk 0:49:39]} 31. Rh2
{[%clk 0:10:12]} 31... a5 {[%clk 0:43:19]} 32. Be3 {[%clk 0:08:32]} 32... Qf5 {
[%clk 0:39:23]} 33. Rf2 {[%clk 0:05:33]} 33... Qxe5 {[%clk 0:39:10]} 34. Bxc5 {
[%clk 0:05:23]} 34... Rxc5 {[%clk 0:39:19]} 35. Qe3 {[%clk 0:05:15]} 35... Qc7
{[%clk 0:33:12]} 36. g6 {[%clk 0:02:11]} 36... Rf5 {[%clk 0:32:57]} 37. Qd4 {
[%clk 0:02:05]} 37... Rd5 {[%clk 0:30:48]} 38. Qe3 {[%clk 0:01:53]} 38... Rf5 {
[%clk 0:24:21]} 39. Qd4 {[%clk 0:01:47]} 39... Qe5 {[%clk 0:24:08]} 40. Qa7 {
[%clk 0:00:59]} 40... Rxf2 {[%clk 0:21:34]} 41. Qxf2 {[%clk 0:01:26]} 41... Qf5
{[%clk 0:20:59]} 42. Qg2 {[%clk 0:00:54]} 42... Qf3 {[%clk 0:14:52]} 43. Qd2 {
[%clk 0:00:31]} 43... Qe2 {[%clk 0:11:04]} 44. Qxe2 {[%clk 0:00:35]} 44... Bxe2
{[%clk 0:11:30]} 45. Nd4 {[%clk 0:00:43]} 45... Bd3+ {[%clk 0:11:54]} 46. Kc1 {
[%clk 0:01:08]} 46... Kd7 {[%clk 0:08:59]} 47. Kd2 {[%clk 0:01:03]} 47... a4 {
[%clk 0:08:54]} 48. Ke3 {[%clk 0:01:10]} 48... Ke7 {[%clk 0:08:55]} 49. Nc6+ {
[%clk 0:01:08]} 49... Kf6 {[%clk 0:08:38]} 50. Nd4 {[%clk 0:01:01]} 50... e5 {
[%clk 0:07:02]} 51. Nc6 {[%clk 0:01:12]} 51... Kxg6 {[%clk 0:05:50]} 52. Nxe5+
{[%clk 0:00:59]} 52... Kf5 {[%clk 0:05:47]} 53. Kd4 53... Kf4 {[%clk 0:35:47]}
54. Ng6+ {[%clk 0:29:36]} 54... Kf3 {[%clk 0:34:47]} 55. Ne5+ {[%clk 0:29:36]}
55... Kf2 {[%clk 0:35:06]} 56. Ng6 {[%clk 0:19:52]} 56... Bc2 {[%clk 0:33:30]}
57. Nf4 {[%clk 0:20:14]} 57... e3 {[%clk 0:33:09]} 58. Nh3+ {[%clk 0:20:20]}
58... Kg3 {[%clk 0:33:26]} 59. Ng1 {[%clk 0:20:44]} 59... Kg2 {[%clk 0:33:40]}
60. Ne2 {[%clk 0:20:53]} 60... Kf2 {[%clk 0:34:00]} 61. Nf4 {[%clk 0:20:54]}
61... e2 {[%clk 0:34:08]} 62. Nh3+ {[%clk 0:20:28]} 62... Kf1 {[%clk 0:34:17]}
0-1

[Event "DEM U14 2018"]
[Site "Willingen GER"]
[Date "2018.05.23"]
[Round "6"]
[White "Kanzow, Alexander"]
[Black "Post, Hugo"]
[Result "1-0"]
[Termination "normal"]
[Board "10"]
[WhiteElo "1631"]
[BlackElo "1983"]
[WhiteClock "00:38:52"]
[BlackClock "00:05:33"]
[PlyCount "79"]
[WhiteFideId "16225414"]
[BlackFideId "12962490"]
[EventCountry "GER"]
[EventRounds "9"]
[EventType "swiss"]
[EventDate "2018.05.19"]

1. e4 {[%clk 1:30:59]} 1... c5 {[%clk 1:30:39]} 2. Nc3 {[%clk 1:31:22]} 2...
Nc6 {[%clk 1:30:43]} 3. f4 {[%clk 1:31:46]} 3... g6 {[%clk 1:30:53]} 4. Nf3 {
[%clk 1:32:09]} 4... Bg7 {[%clk 1:31:02]} 5. g3 {[%clk 1:32:31]} 5... e6 {
[%clk 1:29:46]} 6. Bg2 {[%clk 1:32:51]} 6... Nge7 {[%clk 1:27:37]} 7. O-O {
[%clk 1:32:56]} 7... d5 {[%clk 1:27:30]} 8. d3 {[%clk 1:33:11]} 8... O-O {
[%clk 1:27:24]} 9. Bd2 {[%clk 1:33:19]} 9... Nd4 {[%clk 1:25:51]} 10. g4 {
[%clk 1:31:47]} 10... b5 {[%clk 1:21:42]} 11. Rb1 {[%clk 1:30:50]} 11... a5 {
[%clk 1:08:17]} 12. Ne2 {[%clk 1:23:08]} 12... Nxe2+ {[%clk 0:58:54]} 13. Qxe2
{[%clk 1:23:22]} 13... b4 {[%clk 0:58:07]} 14. Qf2 {[%clk 1:13:41]} 14... Ba6 {
[%clk 0:46:21]} 15. Rfd1 {[%clk 1:04:06]} 15... Qc7 {[%clk 0:43:37]} 16. Nh4 {
[%clk 0:53:34]} 16... c4 {[%clk 0:37:21]} 17. Be3 {[%clk 0:50:48]} 17... d4 {
[%clk 0:27:48]} 18. Bc1 {[%clk 0:48:26]} 18... g5 {[%clk 0:17:53]} 19. fxg5 {
[%clk 0:45:30]} 19... cxd3 {[%clk 0:18:13]} 20. cxd3 {[%clk 0:45:48]} 20... Ng6
{[%clk 0:18:36]} 21. Nf3 {[%clk 0:41:36]} 21... Ne5 {[%clk 0:15:58]} 22. Bf4 {
[%clk 0:40:49]} 22... Nxf3+ {[%clk 0:16:21]} 23. Qxf3 {[%clk 0:41:14]} 23... e5
{[%clk 0:16:37]} 24. Bg3 {[%clk 0:40:00]} 24... Rac8 {[%clk 0:11:06]} 25. Qf5 {
[%clk 0:38:30]} 25... Qd6 {[%clk 0:10:13]} 26. Rbc1 {[%clk 0:36:53]} 26... Rxc1
{[%clk 0:10:01]} 27. Rxc1 {[%clk 0:37:17]} 27... Bxd3 {[%clk 0:09:56]} 28. Rc8
{[%clk 0:37:38]} 28... Ba6 {[%clk 0:10:09]} 29. Rxf8+ {[%clk 0:36:31]} 29...
Kxf8 {[%clk 0:10:38]} 30. Qxh7 {[%clk 0:36:41]} 30... d3 {[%clk 0:09:42]} 31.
Bf3 {[%clk 0:37:01]} 31... d2 {[%clk 0:09:47]} 32. Bd1 {[%clk 0:37:21]} 32...
Qc5+ {[%clk 0:09:48]} 33. Bf2 {[%clk 0:37:30]} 33... Qc1 {[%clk 0:04:49]} 34.
Kg2 {[%clk 0:37:36]} 34... Qxd1 {[%clk 0:04:48]} 35. Bc5+ {[%clk 0:37:57]}
35... Ke8 {[%clk 0:05:15]} 36. Qg8+ {[%clk 0:38:19]} 36... Kd7 {[%clk 0:05:42]}
37. Qxf7+ {[%clk 0:38:40]} 37... Kc6 {[%clk 0:05:11]} 38. Qd5+ {[%clk 0:39:03]}
38... Kb5 {[%clk 0:05:15]} 39. Bd4+ {[%clk 0:38:31]} 39... Ka4 {[%clk 0:05:33]}
40. b3+ {[%clk 0:38:52]} 1-0

[Event "DEM U14 2018"]
[Site "Willingen GER"]
[Date "2018.05.23"]
[Round "6"]
[White "Haufe, Laurin"]
[Black "Musiolik, David"]
[Result "1/2-1/2"]
[Termination "normal"]
[Board "11"]
[WhiteElo "1814"]
[BlackElo "2089"]
[WhiteClock "00:37:12"]
[BlackClock "00:07:55"]
[PlyCount "132"]
[WhiteFideId "12976504"]
[BlackFideId "12972355"]
[EventCountry "GER"]
[EventRounds "9"]
[EventType "swiss"]
[EventDate "2018.05.19"]

1. e4 {[%clk 1:30:47]} 1... e6 {[%clk 1:30:40]} 2. d4 {[%clk 1:30:51]} 2... d5
{[%clk 1:31:06]} 3. Nd2 {[%clk 1:31:03]} 3... Nf6 {[%clk 1:31:22]} 4. e5 {
[%clk 1:31:23]} 4... Nfd7 {[%clk 1:31:49]} 5. f4 {[%clk 1:31:33]} 5... c5 {
[%clk 1:31:51]} 6. c3 {[%clk 1:30:56]} 6... Nc6 {[%clk 1:32:16]} 7. Ndf3 {
[%clk 1:31:08]} 7... Qb6 {[%clk 1:32:20]} 8. a3 {[%clk 1:31:15]} 8... a5 {
[%clk 1:28:55]} 9. b3 {[%clk 1:30:16]} 9... Be7 {[%clk 1:23:09]} 10. g3 { [%clk
1:28:56]} 10... f6 {[%clk 1:17:26]} 11. Bh3 {[%clk 1:28:53]} 11... Nd8 { [%clk
1:17:25]} 12. Ne2 {[%clk 1:25:29]} 12... cxd4 {[%clk 1:13:44]} 13. cxd4 { [%clk
1:25:36]} 13... O-O {[%clk 1:12:08]} 14. O-O {[%clk 1:21:56]} 14... Nb8 { [%clk
1:05:48]} 15. Kh1 {[%clk 1:20:29]} 15... Nbc6 {[%clk 0:56:58]} 16. Rg1 { [%clk
1:14:17]} 16... Bd7 {[%clk 0:49:00]} 17. Nc3 {[%clk 1:11:01]} 17... fxe5 {[%clk
0:47:04]} 18. Nxe5 {[%clk 1:07:06]} 18... Nxe5 {[%clk 0:45:43]} 19. fxe5 {[%clk
1:07:14]} 19... Qc7 {[%clk 0:36:10]} 20. Qd3 {[%clk 1:02:05]} 20... b5 { [%clk
0:33:15]} 21. Bf4 {[%clk 0:57:45]} 21... Bxa3 {[%clk 0:28:27]} 22. Rxa3 { [%clk
0:54:36]} 22... b4 {[%clk 0:28:50]} 23. Ra2 {[%clk 0:54:52]} 23... Qxc3 { [%clk
0:25:23]} 24. Qxc3 {[%clk 0:55:00]} 24... bxc3 {[%clk 0:25:52]} 25. Rc2 { [%clk
0:55:16]} 25... Nc6 {[%clk 0:19:00]} 26. Rd1 {[%clk 0:53:05]} 26... Rab8 {[%clk
0:17:24]} 27. Rxc3 {[%clk 0:53:11]} 27... Rb6 {[%clk 0:17:18]} 28. Bg4 { [%clk
0:45:06]} 28... Rfb8 {[%clk 0:13:36]} 29. Rdd3 {[%clk 0:44:54]} 29... R8b7
{[%clk 0:07:36]} 30. Kg1 {[%clk 0:41:47]} 30... h6 {[%clk 0:06:44]} 31. h4
{[%clk 0:40:52]} 31... Kf7 {[%clk 0:04:29]} 32. Kf2 {[%clk 0:39:49]} 32... Ke7
{[%clk 0:02:49]} 33. Bc1 {[%clk 0:39:15]} 33... Be8 {[%clk 0:01:21]} 34. Ba3+ {
[%clk 0:39:25]} 34... Nb4 {[%clk 0:01:21]} 35. Bxb4+ {[%clk 0:38:19]} 35...
Rxb4 {[%clk 0:01:27]} 36. Bd1 {[%clk 0:38:21]} 36... Bg6 {[%clk 0:01:04]} 37.
Rd2 {[%clk 0:38:35]} 37... Be4 {[%clk 0:01:01]} 38. Rc5 {[%clk 0:37:22]} 38...
R4b5 {[%clk 0:00:58]} 39. Rxb5 {[%clk 0:36:59]} 39... Rxb5 {[%clk 0:01:27]} 40.
Ra2 {[%clk 0:36:48]} 40... Kf8 {[%clk 0:00:49]} 41. Ke3 {[%clk 0:36:18]} 41...
Ke7 {[%clk 0:29:20]} 42. Kd2 {[%clk 1:05:17]} 42... Bg6 {[%clk 0:16:43]} 43.
Kc3 {[%clk 1:04:28]} 43... Kd7 {[%clk 0:13:35]} 44. Be2 {[%clk 1:04:12]} 44...
Rb7 {[%clk 0:13:39]} 45. Rxa5 {[%clk 1:04:07]} 45... Kc6 {[%clk 0:12:36]} 46.
Rc5+ {[%clk 1:00:38]} 46... Kb6 {[%clk 0:11:54]} 47. Rb5+ {[%clk 0:59:39]}
47... Kc6 {[%clk 0:11:34]} 48. Rc5+ {[%clk 0:58:32]} 48... Kb6 {[%clk 0:11:43]}
49. Bg4 {[%clk 0:57:40]} 49... Bf7 {[%clk 0:11:23]} 50. b4 {[%clk 0:57:51]}
50... Rc7 {[%clk 0:10:01]} 51. Kb3 {[%clk 0:57:43]} 51... Rb7 {[%clk 0:09:23]}
52. Rc8 {[%clk 0:54:50]} 52... Rc7 {[%clk 0:08:43]} 53. Rb8+ {[%clk 0:54:45]}
53... Rb7 {[%clk 0:08:26]} 54. Rd8 {[%clk 0:54:26]} 54... Rc7 {[%clk 0:08:13]}
55. Rd6+ {[%clk 0:54:23]} 55... Rc6 {[%clk 0:08:21]} 56. Rd7 {[%clk 0:52:46]}
56... Rc7 {[%clk 0:07:24]} 57. Rxc7 {[%clk 0:53:03]} 57... Kxc7 {[%clk 0:07:50]
} 58. Ka4 {[%clk 0:53:02]} 58... Kb6 {[%clk 0:08:14]} 59. b5 {[%clk 0:53:01]}
59... g6 {[%clk 0:07:32]} 60. Kb4 {[%clk 0:51:42]} 60... Bg8 {[%clk 0:07:13]}
61. h5 {[%clk 0:49:16]} 61... g5 {[%clk 0:07:03]} 62. Bf3 {[%clk 0:38:05]}
62... Bf7 {[%clk 0:07:09]} 63. Bg4 {[%clk 0:37:55]} 63... Bg8 {[%clk 0:07:19]}
64. Be2 {[%clk 0:38:15]} 64... Bf7 {[%clk 0:07:42]} 65. g4 {[%clk 0:38:30]}
65... Be8 {[%clk 0:07:55]} 66. Bd3 {[%clk 0:37:12]} 66... Bd7 1/2-1/2